[Event "SG Mengede 1 - Sport Union Annen 1"]
[Site "Verbandsklasse - Gruppe 1 201"]
[Date "2019.05.05"]
[Round "9.6"]
[White "Schmidt, Jonas"]
[Black "Herrmann, Uwe"]
[Result "1/2-1/2"]
[WhiteElo "1695"]
[BlackElo "1885"]
[PlyCount "80"]
[EventDate "2019.??.??"]

1. e4 e6 2. d4 d5 3. exd5 exd5 4. Nf3 Bd6 5. Bd3 Ne7 6. Bg5 h6 7. Bh4 Bg4 8.
Nbd2 O-O 9. O-O Nbc6 10. c3 Qd7 11. Bg3 Bxg3 12. fxg3 Bf5 13. Qc2 Bxd3 14. Qxd3
Ng6 15. Rae1 Rae8 16. b3 a6 17. a3 Rxe1 18. Rxe1 Re8 19. Rxe8+ Qxe8 20. Kf2 Qe6
21. c4 Nge7 22. h3 Nf5 23. g4 Nd6 24. Ne5 Nxe5 25. dxe5 dxc4 26. Qe3 Nc8 27.
Nxc4 b5 28. Nd2 Qd5 29. Qc3 c5 30. Nf3 Ne7 31. Qd2 Qxd2+ 32. Nxd2 Nc6 33. Nf3
Kf8 34. Ke3 Ke7 35. Ke4 Ke6 36. h4 g6 37. g3 Ne7 38. h5 gxh5 39. gxh5 Nc6 40.
g4 c4 1/2-1/2

[Event "SG Mengede 1 - Sport Union Annen 1"]
[Site "Verbandsklasse - Gruppe 1 201"]
[Date "2019.05.05"]
[Round "9.7"]
[White "Al Ali, Mohammad"]
[Black "Wagner, Peter"]
[Result "1-0"]
[WhiteElo "1860"]
[BlackElo "1682"]
[PlyCount "93"]
[EventDate "2019.??.??"]

1. d4 d5 2. c4 e6 3. Nc3 Nf6 4. a3 c5 5. Bg5 cxd4 6. Qxd4 Be7 7. e3 Nc6 8. Qd1
O-O 9. Nf3 a6 10. Qc2 dxc4 11. Bxc4 e5 12. O-O Bg4 13. Rad1 Qc8 14. Be2 h6 15.
Bxf6 Bxf6 16. Nd5 Bd8 17. Rc1 Qe6 18. Rfd1 Rc8 19. Qc5 e4 20. Nf4 Qf6 21. Nd2
Bxe2 22. Nxe2 Be7 23. Qb6 Ne5 24. Qxb7 Rxc1 25. Rxc1 Nd3 26. Nxe4 Qxb2 27. Qxb2
Nxb2 28. Rc3 Rb8 29. g3 Na4 30. Rc6 Ra8 31. Nd6 Nb2 32. Nf4 Rd8 33. Nf5 Bxa3
34. Rxa6 Bf8 35. Nd4 Nc4 36. Nd3 Nd2 37. Kg2 Ne4 38. Ne5 Rb8 39. Ra7 Nd6 40.
Ndc6 Re8 41. Rd7 Re6 42. f4 Re8 43. Kf3 Re6 44. Nd8 Rf6 45. e4 g5 46. Ng4 gxf4
47. Nxf6+ 1-0

[Event "SG Mengede 1 - Sport Union Annen 1"]
[Site "Verbandsklasse - Gruppe 1 201"]
[Date "2019.05.05"]
[Round "9.8"]
[White "Ropel, Dennis"]
[Black "Jeschke, Holger"]
[Result "0-1"]
[WhiteElo "1563"]
[BlackElo "1867"]
[PlyCount "152"]
[EventDate "2019.??.??"]

1. c4 Nf6 2. g3 c5 3. Bg2 Nc6 4. Nc3 g6 5. d3 Bg7 6. e4 d6 7. Nge2 O-O 8. O-O
a6 9. h3 Rb8 10. f4 e6 11. Rb1 Ne7 12. b4 b6 13. g4 h5 14. g5 Nd7 15. Bd2 cxb4
16. Rxb4 Nc5 17. Qc2 Nc6 18. Rbb1 Nd4 19. Nxd4 Bxd4+ 20. Kh1 Bd7 21. Rf3 Bc6
22. Ne2 Bg7 23. h4 b5 24. Be3 Qa5 25. Bxc5 dxc5 26. cxb5 Rxb5 27. Rff1 Rfb8 28.
Rxb5 Rxb5 29. d4 Qa3 30. d5 exd5 31. exd5 Bd7 32. Rf3 Qa5 33. Nc3 Bf5 34. Qc1
Rb8 35. Kh2 Qc7 36. Kg3 c4 37. Bf1 Rb4 38. Qd2 Qd6 39. Re3 Qd7 40. d6 Bd3 41.
Bxd3 Qg4+ 42. Kh2 Qxf4+ 43. Kg1 Bd4 44. Nd5 Bxe3+ 45. Nxe3 Qxd6 46. Nd5 Qxd5
47. Qxb4 cxd3 48. Qd2 Qc4 49. Kf1 Qe4 50. Qh2 Qe3 51. Qb8+ Kg7 52. Qb2+ Kh7 53.
Qf6 Qe2+ 54. Kg1 Qg4+ 55. Kf1 Qf5+ 56. Qxf5 gxf5 57. Ke1 Kg6 58. Kd2 f6 59.
gxf6 Kxf6 60. Kxd3 Ke5 61. Ke3 f4+ 62. Kf3 Kf5 63. a3 a5 64. a4 Ke5 65. Kf2 Ke4
66. Ke2 f3+ 67. Kf2 Kf4 68. Kf1 Kg3 69. Kg1 Kxh4 70. Kf2 Kg4 71. Kf1 h4 72. Kg1
Kf4 73. Kf2 h3 74. Kg1 Ke3 75. Kh2 Ke2 76. Kg1 f2+ 0-1

[Event "SV Horst-Emscher 2 - SV Günnigfeld 1"]
[Site "Verbandsklasse - Gruppe 1 201"]
[Date "2019.05.05"]
[Round "9.1"]
[White "Freisen, Thomas"]
[Black "Patzer, Joerg"]
[Result "1/2-1/2"]
[WhiteElo "1976"]
[BlackElo "1867"]
[Annotator "Daniel"]
[PlyCount "34"]
[EventDate "2019.??.??"]

1. e4 d6 2. d4 g6 3. Nf3 Bg7 4. Nc3 c6 5. Be2 Nf6 6. O-O O-O 7. h3 b6 8. Re1
Ba6 9. Bg5 Bxe2 10. Qxe2 h6 11. Bf4 Re8 $11 12. Rad1 Nh7 13. a4 a5 14. Qc4 Qc8
15. Ne2 Nd7 16. c3 Qb7 17. Qd3 b5 1/2-1/2

[Event "SV Horst-Emscher 2 - SV Günnigfeld 1"]
[Site "Verbandsklasse - Gruppe 1 201"]
[Date "2019.05.05"]
[Round "9.2"]
[White "Laake, Reinhard"]
[Black "Kuekenbrink, Christopher"]
[Result "0-1"]
[WhiteElo "1843"]
[BlackElo "1893"]
[PlyCount "86"]
[EventDate "2019.??.??"]

1. e4 c5 2. Nf3 Nc6 3. d4 cxd4 4. Nxd4 e6 5. Be3 Qc7 6. a3 a6 7. Be2 Nf6 8. Nc3
b5 9. O-O Bb7 10. f3 Bc5 11. Bf2 Rd8 12. Nb3 Bxf2+ 13. Rxf2 d5 14. exd5 Nxd5
15. Nxd5 Rxd5 16. Qc1 Ne5 17. c3 O-O 18. f4 Nc4 19. Bxc4 bxc4 20. Nd4 Qc5 21.
Qc2 Re8 22. Raf1 Bc8 23. Qa4 Bd7 24. Qc2 f6 25. Kh1 e5 26. fxe5 Rdxe5 27. Qd2
Bc8 28. h3 Bb7 29. Qf4 Re3 30. Nf5 Rxh3+ 31. Kg1 Rd3 32. Nxg7 Re2 33. Qxf6 Rxf2
34. Rxf2 Rd1+ 35. Kh2 Qc7+ 36. Kh3 Rd3+ 37. Kh4 Qh2+ 38. Kg4 Qg3+ 39. Kh5 Qh2+
40. Kg5 h6+ 41. Kg4 Rg3+ 42. Kf5 Rg5+ 43. Ke6 Bc8+ 0-1

[Event "SV Horst-Emscher 2 - SV Günnigfeld 1"]
[Site "Verbandsklasse - Gruppe 1 201"]
[Date "2019.05.05"]
[Round "9.3"]
[White "Markus, Peter"]
[Black "Rebentisch, Sebastian"]
[Result "1-0"]
[WhiteElo "1946"]
[BlackElo "1795"]
[PlyCount "85"]
[EventDate "2019.??.??"]

1. e4 e5 2. Nf3 Nc6 3. Bb5 a6 4. Bxc6 dxc6 5. Nc3 f6 6. d4 exd4 7. Qxd4 Qxd4 8.
Nxd4 c5 9. Nb3 Bd6 10. Be3 b6 11. Rd1 Bb7 12. Nd5 O-O-O 13. f3 Ne7 14. Nxe7+
Bxe7 15. Kf2 Bd6 16. Nc1 Rd7 17. Rd2 Rhd8 18. Rhd1 Be5 19. Rxd7 Rxd7 20. Rxd7
Kxd7 21. Nd3 Bd4 22. c3 Bxe3+ 23. Kxe3 Kd6 24. h4 c4 25. Nf4 Ke5 26. g4 c5 27.
Nh3 b5 28. f4+ Ke6 29. Ng1 a5 30. f5+ Kd6 31. g5 b4 32. Kf4 a4 33. a3 h6 34.
Nf3 Ke7 35. Nd2 Ba6 36. e5 hxg5+ 37. hxg5 fxe5+ 38. Kxe5 Kf7 39. Ne4 bxc3 40.
Nxc3 Ke7 41. Nxa4 Bb5 42. Nxc5 Bc6 43. a4 1-0

[Event "SV Horst-Emscher 2 - SV Günnigfeld 1"]
[Site "Verbandsklasse - Gruppe 1 201"]
[Date "2019.05.05"]
[Round "9.4"]
[White "Schreiner, Paulo"]
[Black "Radi, Guenter"]
[Result "1-0"]
[WhiteElo "1696"]
[BlackElo "1852"]
[PlyCount "61"]
[EventDate "2019.??.??"]

1. d4 Nf6 2. c4 d5 3. cxd5 Nxd5 4. e4 Nf6 5. Nc3 e6 6. Nf3 Be7 7. Bd3 O-O 8.
O-O b6 9. e5 Nd5 10. Nxd5 exd5 11. h3 c5 12. Be3 Be6 13. dxc5 bxc5 14. Qc2 Nd7
15. Bxh7+ Kh8 16. Bf5 Bxf5 17. Qxf5 g6 18. Qf4 Kg8 19. Qh6 Re8 20. e6 Bf8 21.
exf7+ Kxf7 22. Ng5+ Kf6 23. Nh7+ Kf7 24. Nxf8 Rxf8 25. Qh7+ Kf6 26. Qh4+ Kf7
27. Qf4+ Kg8 28. Qd6 Rf6 29. Qxd5+ Rf7 30. Rfd1 Qe7 31. Qxa8+ 1-0

[Event "SV Horst-Emscher 2 - SV Günnigfeld 1"]
[Site "Verbandsklasse - Gruppe 1 201"]
[Date "2019.05.05"]
[Round "9.5"]
[White "Funke, Eckhard"]
[Black "Weichert, Eddy"]
[Result "1-0"]
[WhiteElo "1831"]
[BlackElo "1826"]
[PlyCount "61"]
[EventDate "2019.??.??"]

1. d4 Nf6 2. Bf4 d5 3. e3 c5 4. c3 Qb6 5. Na3 c4 6. Qc1 Nh5 7. Bg3 Nxg3 8. hxg3
Bf5 9. Nb1 Nc6 10. Nd2 e5 11. dxe5 Nxe5 12. Ngf3 Nd3+ 13. Bxd3 Bxd3 14. Ne5 Bf5
15. g4 Be6 16. Qc2 g6 17. Qa4+ Ke7 18. O-O-O Bg7 19. f4 Bxe5 20. fxe5 Bxg4 21.
Rde1 Qc5 22. Nf3 Bd7 23. Qd1 Bf5 24. Nd4 Be4 25. Qg4 Kd8 26. Ref1 Qe7 27. Rf6
Qxe5 28. Rxf7 Bf5 29. Nxf5 gxf5 30. Qf4 Qxf4 31. exf4 1-0

[Event "SV Horst-Emscher 2 - SV Günnigfeld 1"]
[Site "Verbandsklasse - Gruppe 1 201"]
[Date "2019.05.05"]
[Round "9.6"]
[White "Kotter, Michael"]
[Black "Jaennekes, Oliver"]
[Result "0-1"]
[WhiteElo "1852"]
[BlackElo "1806"]
[PlyCount "90"]
[EventDate "2019.??.??"]

1. Nc3 c5 2. e4 d6 3. g3 Nc6 4. Bg2 Nf6 5. d3 g6 6. Nf3 Bg7 7. O-O h5 8. Bg5
Nh7 9. Be3 Bg4 10. h3 Bxf3 11. Bxf3 Qd7 12. Bg2 e6 13. Rb1 Rb8 14. Qd2 b5 15.
Ne2 O-O 16. f4 Nf6 17. c3 a5 18. f5 b4 19. Bh6 bxc3 20. bxc3 Rxb1 21. Rxb1 exf5
22. exf5 Ne5 23. Bxg7 Kxg7 24. d4 Qxf5 25. Rf1 Nc4 26. Qc1 Qd3 27. Bf3 Rb8 28.
Qf4 Qe3+ 29. Rf2 Rb2 30. dxc5 Rb1+ 31. Kg2 Qxf4 32. Nxf4 dxc5 33. Nd3 Ne3+ 34.
Kh2 c4 35. Nb2 Rc1 36. Na4 Nfd5 37. Re2 Nxc3 38. Rxe3 Nxa4 39. Ra3 Rc3 40. Rxa4
Rxf3 41. Rxa5 Rf5 42. Ra3 Rc5 43. Rc3 Kf6 44. Kg2 Ke5 45. Kf3 Kd4 0-1

[Event "SV Horst-Emscher 2 - SV Günnigfeld 1"]
[Site "Verbandsklasse - Gruppe 1 201"]
[Date "2019.05.05"]
[Round "9.7"]
[White "Brinkmann, Uwe"]
[Black "Krakau, Uwe"]
[Result "1-0"]
[WhiteElo "1913"]
[BlackElo "1713"]
[PlyCount "81"]
[EventDate "2019.??.??"]

1. d4 d5 2. Nf3 c6 3. Bf4 Qb6 4. b3 Nf6 5. e3 Bg4 6. Bd3 e6 7. O-O Nbd7 8. Nbd2
Bb4 9. Qc1 O-O 10. c3 Be7 11. Qb1 h6 12. Ne5 Bh5 13. h3 Nxe5 14. dxe5 Ne4 15.
Nxe4 dxe4 16. Bxe4 Be2 17. Re1 Ba6 18. Qb2 f5 19. exf6 Bxf6 20. Rac1 Rad8 21.
Red1 Qc5 22. Rxd8 Rxd8 23. Qc2 e5 24. Bg3 Qd6 25. c4 c5 26. Bd5+ Kh8 27. Qg6
Be7 28. Qh5 Bg5 29. Be4 b6 30. h4 Be7 31. Bxe5 Qe6 32. Bd5 Rxd5 33. cxd5 Be2
34. f3 Qg8 35. Qxh6+ Qh7 36. Bxg7+ Kg8 37. Qe6+ Kxg7 38. Qxe7+ Kh6 39. Qxh7+
Kxh7 40. Kf2 Bb5 41. a4 1-0

[Event "SV Horst-Emscher 2 - SV Günnigfeld 1"]
[Site "Verbandsklasse - Gruppe 1 201"]
[Date "2019.05.05"]
[Round "9.8"]
[White "Malina, Fredi"]
[Black "Brandhoff, Gerd"]
[Result "1/2-1/2"]
[WhiteElo "1666"]
[BlackElo "1755"]
[Annotator "Daniel"]
[PlyCount "80"]
[EventDate "2019.??.??"]

1. d4 d5 2. Nc3 Nf6 3. Bf4 c6 4. h3 Bf5 5. e3 h6 6. Bd3 Qd7 7. Nf3 Bxd3 8. Qxd3
e6 9. Ne5 Qd8 10. O-O Nbd7 11. Rfe1 Nxe5 12. Bxe5 Bd6 13. Bxd6 Qxd6 14. e4 dxe4
15. Nxe4 Nxe4 16. Qxe4 O-O 17. c3 Rad8 18. Re3 Qe7 19. Rae1 Rd5 20. Rg3 Rg5 21.
Ree3 Rd8 22. h4 Rxg3 23. Rxg3 Rd5 24. Qf4 a6 25. Qxh6 f6 26. Qg6 Qf7 27. Qxf7+
Kxf7 28. Re3 a5 29. a4 b5 30. axb5 Rxb5 31. Re2 Ke7 32. Kf1 Rb3 33. Rc2 a4 34.
Ke2 Kd6 35. Kd3 Kd5 $11 36. Re2 a3 37. bxa3 Rxa3 38. Rb2 Ra7 39. Rb8 Kd6 40.
Rb2 Kc7 1/2-1/2

[Event "SV Unser Fritz 1 - SK Germania Kupferdr"]
[Site "Verbandsklasse - Gruppe 2 201"]
[Date "2019.05.05"]
[Round "9.1"]
[White "Unteregge, Michael"]
[Black "Mueller, Martin"]
[Result "1-0"]
[WhiteElo "2028"]
[BlackElo "2023"]
[PlyCount "73"]
[EventDate "2019.??.??"]

1. Nf3 d6 2. d4 Nf6 3. c4 Nbd7 4. Nc3 e5 5. g3 Be7 6. Bg2 O-O 7. O-O Re8 8. Qc2
Bf8 9. e4 c6 10. h3 Qc7 11. Be3 b6 12. Rfc1 Bb7 13. d5 Rac8 14. b4 g6 15. Qb3
Qb8 16. Nd2 Nh5 17. Bf3 Ng7 18. a4 cxd5 19. cxd5 f5 20. a5 bxa5 21. Rxa5 Nb6
22. Rca1 Qc7 23. Nb5 Qc2 24. Rxa7 Qxb3 25. Nxb3 fxe4 26. Rxb7 Nxd5 27. Bxe4
Nxb4 28. Nc7 Re7 29. Rxb4 Rexc7 30. Ra7 Nf5 31. Bd5+ Kh8 32. Rxc7 Rxc7 33. Rb8
Kg7 34. Rb7 Rxb7 35. Bxb7 Kf6 36. Nd2 Ne7 37. Ne4+ 1-0

[Event "SV Unser Fritz 1 - SK Germania Kupferdr"]
[Site "Verbandsklasse - Gruppe 2 201"]
[Date "2019.05.05"]
[Round "9.2"]
[White "Rutz, Dirk"]
[Black "Krimphoff, Ingo"]
[Result "1/2-1/2"]
[WhiteElo "2007"]
[BlackElo "1957"]
[PlyCount "78"]
[EventDate "2019.??.??"]

1. c4 c6 2. e4 d5 3. cxd5 cxd5 4. e5 Nc6 5. d4 Bf5 6. Nc3 e6 7. Nf3 Qb6 8. Be2
Nh6 9. O-O Be7 10. h3 Be4 11. Na4 Qa5 12. Bd2 Bb4 13. Bxb4 Qxb4 14. a3 Qe7 15.
g4 O-O 16. b4 f6 17. b5 Na5 18. Nd2 Bg6 19. Nb2 fxe5 20. dxe5 Rac8 21. Qa4 b6
22. Bd3 Bxd3 23. Nxd3 Nc4 24. Rad1 Qxa3 25. Qb3 Qxb3 26. Nxb3 g5 27. Nd4 Rfe8
28. Rfe1 Nf7 29. Ra1 Na5 30. Rec1 Rxc1+ 31. Rxc1 Nc4 32. Nc6 Ra8 33. Ra1 Kf8
34. Kg2 Ke8 35. Kg3 Kd7 36. f4 gxf4+ 37. Kxf4 a5 38. g5 a4 39. h4 a3 1/2-1/2

[Event "SV Unser Fritz 1 - SK Germania Kupferdr"]
[Site "Verbandsklasse - Gruppe 2 201"]
[Date "2019.05.05"]
[Round "9.3"]
[White "Praemaßing, Reiner"]
[Black "Singbeil, Holger"]
[Result "0-1"]
[WhiteElo "1856"]
[BlackElo "1929"]
[PlyCount "66"]
[EventDate "2019.??.??"]

1. e4 c5 2. Nc3 Nc6 3. f4 e6 4. Nf3 a6 5. a4 d5 6. Qe2 Nd4 7. Nxd4 cxd4 8. Nd1
dxe4 9. Qxe4 Nf6 10. Qe5 b6 11. Bc4 Bb7 12. O-O Bd6 13. Qg5 h6 14. Qh4 Qc7 15.
d3 O-O-O 16. Qh3 g5 17. f5 Qc6 18. Qf3 Qxf3 19. gxf3 exf5 20. Bxf7 Bd5 21. Bxd5
Nxd5 22. Re1 Rhe8 23. Bd2 Bf4 24. Rxe8 Rxe8 25. Bxf4 Nxf4 26. Nf2 Re3 27. Nh1
Rxf3 28. Rf1 Nh3+ 29. Kg2 Rxf1 30. Kxf1 f4 31. Ke2 g4 32. c3 Kd7 33. c4 a5 0-1

[Event "SV Unser Fritz 1 - SK Germania Kupferdr"]
[Site "Verbandsklasse - Gruppe 2 201"]
[Date "2019.05.05"]
[Round "9.4"]
[White "Jungbluth, Michael"]
[Black "Zagrabski, Kevin"]
[Result "1-0"]
[WhiteElo "1970"]
[BlackElo "1867"]
[PlyCount "89"]
[EventDate "2019.??.??"]

1. d4 g6 2. g3 Bg7 3. Bg2 d6 4. Nf3 Nc6 5. O-O e5 6. dxe5 Nxe5 7. Nxe5 Bxe5 8.
c3 Ne7 9. Nd2 O-O 10. Qc2 Nc6 11. e4 Bg7 12. f4 f5 13. exf5 Rxf5 14. Nf3 Na5
15. Be3 Nc4 16. Bf2 c6 17. b3 Na3 18. Qd3 Nb5 19. Rac1 Qa5 20. c4 Nc3 21. Nd4
Nxa2 22. Ra1 Qc3 23. Qxc3 Nxc3 24. Nxf5 Ne2+ 25. Kh1 Bxa1 26. Ne7+ Kf8 27. Nxc8
Bd4 28. Nxd6 Rb8 29. Bf3 Bxf2 30. Rxf2 Nd4 31. b4 b6 32. Kg2 a5 33. bxa5 bxa5
34. Rd2 Nb3 35. Ra2 c5 36. Nb5 Re8 37. Kf2 Nc1 38. Rxa5 Nd3+ 39. Kf1 Re1+ 40.
Kg2 Re3 41. Bd5 Re2+ 42. Kh3 Nf2+ 43. Kh4 Kg7 44. Ra7+ Kh6 45. Bg8 1-0

[Event "SV Unser Fritz 1 - SK Germania Kupferdr"]
[Site "Verbandsklasse - Gruppe 2 201"]
[Date "2019.05.05"]
[Round "9.5"]
[White "Bauriedel, Friedrich"]
[Black "Goessling, Juergen"]
[Result "1-0"]
[WhiteElo "1815"]
[BlackElo "1745"]
[PlyCount "23"]
[EventDate "2019.??.??"]

1. d4 Nf6 2. Bg5 c5 3. d5 Qb6 4. Nc3 d6 5. e4 Nbd7 6. Bd2 g6 7. f4 Bg7 8. Nf3
c4 9. Bxc4 Qb4 10. Qe2 Nb6 11. Bd3 O-O 12. Nb5 1-0

[Event "SV Unser Fritz 1 - SK Germania Kupferdr"]
[Site "Verbandsklasse - Gruppe 2 201"]
[Date "2019.05.05"]
[Round "9.6"]
[White "Tober, Julian"]
[Black "Degner, Friedhelm"]
[Result "1-0"]
[WhiteElo "1735"]
[BlackElo "1762"]
[PlyCount "71"]
[EventDate "2019.??.??"]

1. e4 d5 2. exd5 Nf6 3. d4 Bg4 4. Be2 Bxe2 5. Nxe2 Qxd5 6. O-O Nbd7 7. Nbc3 Qa5
8. Bf4 O-O-O 9. Qd3 Nb6 10. a3 Nbd5 11. Be5 Nxc3 12. Nxc3 Qb6 13. Nb5 Rd7 14.
Rfd1 a6 15. Nc3 e6 16. Qf3 Be7 17. b4 c6 18. Na4 Qb5 19. Nc5 Bxc5 20. bxc5 Rhd8
21. Rdb1 Qa5 22. Qxc6+ Rc7 23. Qxc7+ Qxc7 24. Bxc7 Kxc7 25. c3 Ne4 26. Rc1 Kc6
27. f3 Nd2 28. Rc2 Nc4 29. Kf2 Rd7 30. Ke2 f5 31. f4 h6 32. Kd3 Na5 33. Rb1 Kc7
34. Rb6 Nc6 35. Re2 Re7 36. d5 1-0

[Event "SV Unser Fritz 1 - SK Germania Kupferdr"]
[Site "Verbandsklasse - Gruppe 2 201"]
[Date "2019.05.05"]
[Round "9.7"]
[White "Schaefer, Johannes"]
[Black "Koch, Till"]
[Result "1-0"]
[WhiteElo "1682"]
[BlackElo "1775"]
[PlyCount "65"]
[EventDate "2019.??.??"]

1. e4 e5 2. Nf3 Nc6 3. Bc4 Bc5 4. b4 Bxb4 5. c3 Be7 6. d4 d6 7. O-O Nf6 8. Nbd2
O-O 9. h3 h6 10. a4 b6 11. Ba3 a5 12. Qb3 Bb7 13. Rfe1 Rb8 14. Rad1 Qe8 15. Bb5
Nd7 16. Nc4 Bf6 17. Ne3 Qd8 18. Nd5 Re8 19. Nxf6+ Nxf6 20. d5 Ne7 21. Bxe8 Qxe8
22. c4 Ba6 23. Rd3 Ng6 24. Bc1 Nd7 25. Be3 Nc5 26. Bxc5 bxc5 27. Qc2 Rb4 28.
Nd2 Rxa4 29. Rb3 Nf4 30. Rb8 Qxb8 31. Qxa4 Qb4 32. Qxb4 axb4 33. Ra1 1-0

[Event "SV Unser Fritz 1 - SK Germania Kupferdr"]
[Site "Verbandsklasse - Gruppe 2 201"]
[Date "2019.05.05"]
[Round "9.8"]
[White "Fischoeder, Heiko"]
[Black "Rotthaus, Peter"]
[Result "0-1"]
[WhiteElo "1836"]
[BlackElo "1583"]
[PlyCount "74"]
[EventDate "2019.??.??"]

1. d4 g6 2. c4 Nf6 3. g3 Bg7 4. Bg2 c6 5. Nf3 O-O 6. O-O d5 7. Nc3 dxc4 8. Ne5
Ng4 9. Nf3 e5 10. dxe5 Qxd1 11. Rxd1 Nxe5 12. Nxe5 Bxe5 13. Bh6 Re8 14. e3 Be6
15. f4 Bg7 16. Bxg7 Kxg7 17. e4 Nd7 18. a4 Nc5 19. Bf3 Nb3 20. Rab1 Rad8 21.
Rxd8 Rxd8 22. Rd1 Rxd1+ 23. Bxd1 Nd4 24. g4 b5 25. f5 gxf5 26. gxf5 Bd7 27. Kf2
Kf6 28. Ke3 Ke5 29. Ne2 Nxe2 30. Bxe2 a5 31. h4 f6 32. Bd1 Be8 33. Be2 Bf7 34.
Bd1 b4 35. Bc2 c5 36. Bd1 Be8 37. Bc2 Bc6 0-1

[Event "Rochade Steele/Kray 1 - SG Bochum 4"]
[Site "Verbandsklasse - Gruppe 2 201"]
[Date "2019.05.05"]
[Round "9.1"]
[White "Prieb, Robert"]
[Black "Happe, Ulrich"]
[Result "1/2-1/2"]
[WhiteElo "1881"]
[BlackElo "2048"]
[PlyCount "93"]
[EventDate "2019.??.??"]

1. d4 Nf6 2. c4 g6 3. Nc3 d5 4. Nf3 Bg7 5. Bg5 Ne4 6. Bh4 Nxc3 7. bxc3 dxc4 8.
Qa4+ c6 9. Qxc4 b6 10. e3 Ba6 11. Qb3 Bxf1 12. Kxf1 Nd7 13. Ke2 Qc7 14. Rhd1
Qb7 15. Kf1 Nf6 16. Kg1 O-O 17. a4 Ne4 18. Nd2 Nxd2 19. Rxd2 Rfd8 20. Bg3 Rd7
21. Qb1 c5 22. Rb2 cxd4 23. cxd4 Rd5 24. Rb5 Qd7 25. Qe4 e6 26. Rc1 Rc8 27.
Rxc8+ Qxc8 28. h3 Qd7 29. Rxd5 Qxd5 30. Qxd5 exd5 31. Kf1 Kf8 32. Ke2 Ke7 33.
Bb8 a6 34. Ba7 b5 35. Bc5+ Kd7 36. axb5 axb5 37. Kd3 Bf6 38. Kc3 Bh4 39. g3 Bd8
40. Kb4 Kc6 41. Bf8 Bc7 42. Bc5 f5 43. h4 Bd8 44. Bf8 Kb6 45. Bd6 Kc6 46. Bf8
h5 47. f4 1/2-1/2

[Event "Rochade Steele/Kray 1 - SG Bochum 4"]
[Site "Verbandsklasse - Gruppe 2 201"]
[Date "2019.05.05"]
[Round "9.2"]
[White "Landau, Christian"]
[Black "Gluma, Christian"]
[Result "0-1"]
[WhiteElo "2007"]
[BlackElo "1864"]
[PlyCount "58"]
[EventDate "2019.??.??"]

1. e4 g6 2. d4 Bg7 3. Nc3 c6 4. g3 d5 5. e5 Nh6 6. Bg2 O-O 7. Nge2 f6 8. exf6
exf6 9. O-O Nd7 10. h4 Nf7 11. Re1 Re8 12. Nf4 Nf8 13. h5 Rxe1+ 14. Qxe1 g5 15.
Nd3 Bg4 16. f4 Bxh5 17. Nf2 Bg6 18. Qd1 Nd6 19. g4 gxf4 20. Bxf4 Ne6 21. Ne2 f5
22. c3 fxg4 23. Nxg4 Nf5 24. Qd2 Qh4 25. Ne5 Bh5 26. Nf3 Qg4 27. Re1 Rf8 28.
Ne5 Qh4 29. Bh2 Bh6 0-1

[Event "Rochade Steele/Kray 1 - SG Bochum 4"]
[Site "Verbandsklasse - Gruppe 2 201"]
[Date "2019.05.05"]
[Round "9.3"]
[White "Walny, Benjamin"]
[Black "Kirsch, Paul"]
[Result "1/2-1/2"]
[WhiteElo "1787"]
[BlackElo "1918"]
[PlyCount "81"]
[EventDate "2019.??.??"]

1. e4 c6 2. d4 d5 3. e5 c5 4. dxc5 Nc6 5. Bb5 e6 6. Bxc6+ bxc6 7. b4 Qh4 8. Ne2
Qxb4+ 9. c3 Qe4 10. O-O Bxc5 11. Nd4 Qxe5 12. Nxc6 Qc7 13. Nd4 Ne7 14. Be3 O-O
15. Nd2 Ba6 16. Re1 Bd6 17. Qh5 Bd3 18. Qh3 Ba6 19. Bg5 Ng6 20. N2b3 Rae8 21.
Rad1 Bc4 22. Nd2 h6 23. Nxc4 Qxc4 24. Bxh6 gxh6 25. Qxh6 Bf4 26. Qh5 Kg7 27. g3
Rh8 28. Qg4 Bc7 29. Rb1 Bb6 30. a4 Qxc3 31. Nb5 Qd2 32. Re2 Qh6 33. h4 Qh5 34.
Qxh5 Rxh5 35. Kg2 Rc8 36. Ra2 a5 37. Nd6 Rc6 38. Ne8+ Kf8 39. Nf6 Rf5 40. Nd7+
Ke8 41. Nxb6 1/2-1/2

[Event "Rochade Steele/Kray 1 - SG Bochum 4"]
[Site "Verbandsklasse - Gruppe 2 201"]
[Date "2019.05.05"]
[Round "9.4"]
[White "Laarmann, Gerd"]
[Black "Walker, Julia"]
[Result "1-0"]
[WhiteElo "1850"]
[BlackElo "1671"]
[PlyCount "77"]
[EventDate "2019.??.??"]

1. e4 e5 2. Nf3 Nc6 3. Bb5 a6 4. Bxc6 dxc6 5. d4 exd4 6. Qxd4 Qxd4 7. Nxd4 Bc5
8. Be3 Nf6 9. f3 O-O 10. Nc3 Re8 11. Kf2 Nd7 12. Nf5 Bxe3+ 13. Nxe3 Nc5 14.
Rad1 Ne6 15. Ne2 c5 16. Nd5 b5 17. Nef4 Nxf4 18. Nxf4 Be6 19. Nxe6 Rxe6 20. Rd7
Rae8 21. g4 h5 22. h3 Rf6 23. Ke3 Rd6 24. Rd1 Rxd1 25. Rxd1 hxg4 26. hxg4 Re7
27. a3 Kh7 28. c3 Kg6 29. Rd5 c4 30. Rc5 Rd7 31. a4 Rd1 32. axb5 Rd3+ 33. Ke2
axb5 34. Rxb5 Rd6 35. f4 f6 36. Rd5 Rb6 37. Rd2 c5 38. Kd1 Re6 39. f5+ 1-0

[Event "Rochade Steele/Kray 1 - SG Bochum 4"]
[Site "Verbandsklasse - Gruppe 2 201"]
[Date "2019.05.05"]
[Round "9.5"]
[White "Stachnik, Adam"]
[Black "Greger, Helmut"]
[Result "1-0"]
[WhiteElo "1803"]
[BlackElo "1886"]
[PlyCount "149"]
[EventDate "2019.??.??"]

1. e4 g6 2. d4 Bg7 3. Nf3 d6 4. h3 Nf6 5. Bd3 c6 6. Be3 O-O 7. Nbd2 Nbd7 8. O-O
e5 9. c3 Re8 10. Re1 Nf8 11. dxe5 dxe5 12. Nc4 Nh5 13. Qd2 Qc7 14. Rad1 b5 15.
Na3 Ne6 16. Nc2 Rd8 17. Qc1 Nhf4 18. Bf1 Bd7 19. c4 a5 20. a3 Be8 21. Rxd8 Rxd8
22. Rd1 f6 23. Rxd8 Qxd8 24. Qd2 Qxd2 25. Nxd2 Bf8 26. Bb6 a4 27. g3 Nh5 28.
Kg2 Bh6 29. Be3 Bf8 30. Nb1 Nhg7 31. Nc3 Nc7 32. f4 Nge6 33. Kf3 Kf7 34. h4 h5
35. Bb6 Na8 36. Ba5 Nec7 37. Nb4 Bc5 38. cxb5 cxb5 39. Nbd5 Nxd5 40. exd5 Bd4
41. Nxb5 Bxb2 42. Nd6+ Ke7 43. Nxe8 Kxe8 44. Bb5+ Ke7 45. Bb4+ Kd8 46. Bxa4 Bd4
47. Bd6 Nb6 48. Bb3 exf4 49. Bxf4 Nd7 50. Bc2 f5 51. Be3 Ne5+ 52. Kf4 Bxe3+ 53.
Kxe3 Kd7 54. a4 Kd6 55. Bb3 Nd7 56. Kf4 Nc5 57. Ba2 Ne4 58. a5 Kc5 59. a6 Kb6
60. Bc4 Nd6 61. Bd3 Nf7 62. Be2 Nd6 63. Bf1 Ne4 64. Bd3 Nf2 65. Bc4 Ne4 66. Bd3
Nf2 67. Ke3 Ng4+ 68. Kf4 Nf2 69. Be2 Ne4 70. Bf1 Nf6 71. d6 Nd7 72. Kg5 Ne5 73.
Kf6 Nd7+ 74. Kxg6 Kc5 75. a7 1-0

[Event "Rochade Steele/Kray 1 - SG Bochum 4"]
[Site "Verbandsklasse - Gruppe 2 201"]
[Date "2019.05.05"]
[Round "9.6"]
[White "Folke, Christof"]
[Black "Butschek, Gerhard"]
[Result "1-0"]
[WhiteElo "1815"]
[BlackElo "1670"]
[PlyCount "93"]
[EventDate "2019.??.??"]

1. e4 b6 2. d4 Bb7 3. Bd3 Nf6 4. Nc3 e6 5. Qe2 d6 6. h3 Nbd7 7. Be3 c6 8. f4
Qc7 9. Nf3 Be7 10. g4 O-O-O 11. O-O g6 12. a4 h6 13. a5 b5 14. a6 Ba8 15. d5
exd5 16. exd5 Nxd5 17. Nxd5 cxd5 18. Bxb5 Nc5 19. c4 Kb8 20. b4 Ne4 21. Rfc1
Bf6 22. cxd5 Qe7 23. Ra2 Nc3 24. Rxc3 Bxc3 25. Bc6 Bxc6 26. dxc6 Qc7 27. Qb5+
Ka8 28. Qb7+ Qxb7 29. axb7+ Kb8 30. Bxa7+ Kc7 31. b5 Bb4 32. b8=Q+ Rxb8 33.
Bxb8+ Rxb8 34. Ra7+ Kb6 35. Rxf7 Bc5+ 36. Kf1 Rg8 37. Rb7+ Ka5 38. Nd2 Rf8 39.
c7 Rc8 40. Nc4+ Kb4 41. b6 Kxc4 42. Rb8 Bxb6 43. Rxc8 Kc5 44. Rg8 Bxc7 45. Rxg6
d5 46. f5 d4 47. Ke2 1-0

[Event "Rochade Steele/Kray 1 - SG Bochum 4"]
[Site "Verbandsklasse - Gruppe 2 201"]
[Date "2019.05.05"]
[Round "9.7"]
[White "Ziemann, David"]
[Black "Maerz, Klaus"]
[Result "1-0"]
[WhiteElo "1689"]
[BlackElo "1680"]
[PlyCount "63"]
[EventDate "2019.??.??"]

1. e4 c5 2. Nf3 Nc6 3. Bb5 e6 4. O-O Nge7 5. Re1 a6 6. Bf1 Ng6 7. c3 Be7 8. d4
d5 9. exd5 Qxd5 10. Be3 cxd4 11. cxd4 Bb4 12. Nc3 Bxc3 13. bxc3 b5 14. a4 Rb8
15. Qd2 Bb7 16. axb5 axb5 17. Reb1 b4 18. cxb4 O-O 19. Qb2 Ra8 20. b5 Nb8 21.
Rxa8 Bxa8 22. Ra1 Qb7 23. Ra3 Nd7 24. Qa2 Nb6 25. Ra7 Qe4 26. Qa6 Rb8 27. d5
Nf4 28. Qxb6 Nh3+ 29. Kh1 Re8 30. Qc7 Rf8 31. Qe5 Qb1 32. Ra1 1-0